书目信息 |
| 题名: |
楼阁雅韵
|
|
| 作者: | 肖东发 主编 ;张自粉 编著 | |
| 分册: | ||
| 出版信息: | 北京 现代出版社 2015 |
|
| 页数: | 164页 | |
| 开本: | 24cm | |
| 丛书名: | 中华精神家园 | |
| 单 册: | ||
| 中图分类: | K928.74 | |
| 科图分类: | ||
| 主题词: | 楼阁--古建筑--介绍--中国 | |
| 电子资源: | ||
| ISBN: | 978-7-5143-2325-2 | |
| 000 | 01166oam2 2200289 450 | |
| 001 | 012001002530 | |
| 005 | 20140926114740.0 | |
| 010 | @a978-7-5143-2325-2@dCNY29.80 | |
| 100 | @a20151101d2015 em y0chiy50 ea | |
| 101 | 0 | @achi |
| 102 | @aCN@b110000 | |
| 105 | @aa z 000yy | |
| 106 | @ar | |
| 200 | 1 | @a楼阁雅韵@9lou ge ya yun@e神圣典雅的古建象征@f肖东发主编@g张自粉编著 |
| 210 | @a北京@c现代出版社@d2015 | |
| 215 | @a164页@c图@d24cm | |
| 225 | 2 | @a中华精神家园@i古建风雅 |
| 330 | @a本书主要指神圣典雅的古建象征。包括蓬莱阁、大观楼、镇海楼、鹳雀楼、越王楼、真武阁、太白楼、烟雨楼、甲秀楼、望江楼的地理位置、历史文化、历史名人、建筑特色等,其中图文并茂,图解图注,形象直观,赏心悦目,彩色制作,丰富多彩,设计精美,格调高雅,非常适合广大读者阅读和珍藏,也非常适合各级图书馆装备和陈列。 | |
| 461 | 0 | @12001 @a中华精神家园 |
| 462 | 0 | @12001 @a古建风雅 |
| 517 | 1 | @a神圣典雅的古建象征@9shen sheng dian ya de gu jian xiang zheng |
| 606 | 0 | @a楼阁@x古建筑@x介绍@y中国 |
| 690 | @aK928.74@v5 | |
| 701 | 0 | @a肖东发@9xiao dong fa@4主编 |
| 702 | 0 | @a张自粉@9zhang zi fen@4编著 |
| 801 | 0 | @aCN@b上海新华@c20180901 |
| 905 | @b1158175-9@dK928.74@e1103@f5 | |
| 楼阁雅韵:神圣典雅的古建象征/肖东发主编/张自粉编著.-北京:现代出版社,2015 |
| 164页:图;24cm.-(中华精神家园.古建风雅) |
| ISBN 978-7-5143-2325-2:CNY29.80 |
| 本书主要指神圣典雅的古建象征。包括蓬莱阁、大观楼、镇海楼、鹳雀楼、越王楼、真武阁、太白楼、烟雨楼、甲秀楼、望江楼的地理位置、历史文化、历史名人、建筑特色等,其中图文并茂,图解图注,形象直观,赏心悦目,彩色制作,丰富多彩,设计精美,格调高雅,非常适合广大读者阅读和珍藏,也非常适合各级图书馆装备和陈列。 |
| ● |
| 相关链接 |
|
|
|
|
正题名:楼阁雅韵
索取号:K928.74/1103
 
预约/预借
| 序号 | 登录号 | 条形码 | 馆藏地/架位号 | 状态 | 备注 |
| 1 | 1158175 | 211581750 | 第二样本阅览室/ [索取号:K928.74/1103] | 在馆 | |
| 2 | 1158176 | 211581769 | 第二借阅区/ [索取号:K928.74/1103] | 在馆 | |
| 3 | 1158177 | 211581778 | 第二借阅区/ [索取号:K928.74/1103] | 在馆 | |
| 4 | 1158178 | 211581787 | 第二借阅区/ [索取号:K928.74/1103] | 在馆 | |
| 5 | 1158179 | 211581796 | 史法系资料室/ [索取号:K928.74/1103] | 在馆 |